[Event "ch-ROM w"]
[Site "Predeal ROM"]
[Date "2006.11.28"]
[Round "2"]
[White "Craciun,P"]
[Black "Manicuta,M"]
[Result "1/2-1/2"]
[WhiteElo "2097"]
[BlackElo "2151"]

1.e4 c5 2.Nf3 d6 3.Bb5+ Bd7 4.Bxd7+ Nxd7 5.c4 g6 6.d4 cxd4 7.Nxd4 Bg7 8.Be3 Rc8
9.b3 a6 10.Qd2 Ngf6 11.f3 O-O 12.Nc3 e6 13.Rd1 d5 14.exd5 exd5 15.Nxd5 Nxd5
16.cxd5 Re8 17.Kf2 Ne5 18.Ne2 Re7 19.Rc1 Rxc1 20.Rxc1 Rd7 21.Rd1 b5 22.Nc3 f5
23.Ne2 Nf7 24.Nf4 Be5 25.g3 Qa8 26.Ne6 Bf6 27.Qb4 h6 28.Qc5 g5 29.f4 Nd6
30.Ke1 g4 31.Qc6 Qe8 32.Rd3 a5 33.Ke2 b4 34.Nc5 Rd8 35.Nb7 Nxb7 36.Qxf6 Nd6
37.Qxh6 Ne4 38.Qe6+ Qxe6 39.dxe6 Re8 40.Kf1 Rxe6 41.Bd2 Rh6 42.Kg2 Rc6 43.Be3 Rc2+
44.Kg1 Rxa2 45.Rd5 Ra3 46.Bb6 Rxb3 47.Bxa5 Rb1+ 48.Kg2 Rb2+ 49.Kg1 b3 50.Rxf5 Ra2
51.Rb5 b2 52.Be1 Ra1 53.Rxb2 Rxe1+ 54.Kg2 Re3 55.Kf1 Kf7 56.Re2 Rxe2 57.Kxe2 Kf6
58.Kf1 Kf5 59.Kg2 Nf6 60.h3 gxh3+  1/2-1/2

[Event "90th ch-Marshall CC"]
[Site "New York USA"]
[Date "2006.12.01"]
[Round "1"]
[White "Waxman,M"]
[Black "Jacobs,Jon"]
[Result "0-1"]
[WhiteElo "2033"]
[BlackElo "2294"]

1.e4 c5 2.Nf3 d6 3.Bb5+ Bd7 4.Bxd7+ Qxd7 5.O-O Nc6 6.d4 cxd4 7.Nxd4 Nf6 8.Nc3 g6
9.Nxc6 bxc6 10.Re1 Bg7 11.Bg5 Qc7 12.Qd2 Rb8 13.Rab1 h6 14.Bf4 Ng4 15.b3 g5
16.Be3 d5 17.g3 d4 18.Bxd4 Rd8 19.Nd5 cxd5 20.Bxg7 Rg8 21.Qe2 Nxf2 22.Qxf2 Rxg7
23.exd5 Rxd5 24.c4 Rd7 25.Rbd1 Rg6 26.Qb2 Qc5+ 27.Kg2 Rdd6 28.Rxd6 Rxd6 29.Qf2 Rd4
30.Rf1 f6 31.Re1 Kf7 32.Re2 f5 33.Rd2 Qc6+ 34.Kg1 Rxd2 35.Qxd2 e5 36.Qf2 Qd7
37.Qe2 Qd4+ 38.Kg2 Kf6 39.Qf2 g4 40.Qf1 f4 41.gxf4 exf4 42.b4 f3+ 43.Kg3 Kg5
44.Qc1+ Kh5 45.c5 Qe5+ 46.Kf2 Qe2+ 47.Kg3 f2  0-1

[Event "Open A"]
[Site "Benidorm ESP"]
[Date "2006.12.02"]
[Round "2"]
[White "Crecente Penalba,J"]
[Black "Urukalovic,R"]
[Result "1/2-1/2"]
[WhiteElo "2166"]
[BlackElo "2289"]

1.e4 c5 2.Nf3 d6 3.Bb5+ Bd7 4.Bxd7+ Qxd7 5.c4 Nc6 6.O-O Nf6 7.Nc3 e6 8.d4 cxd4
9.Nxd4 Be7 10.Be3 O-O 11.Qe2 Rac8 12.Rac1 a6 13.Rfd1 Nxd4 14.Bxd4 Qc6 15.b3 Rfd8
16.f3 Nd7 17.Nd5 Bf8 18.Nb4 Qc7 19.Nd3 Qb8 20.f4 b5 21.f5 exf5 22.exf5 Re8
23.Qg4 Ne5 24.Nxe5 dxe5 25.Be3 Qb7 26.h4 e4 27.c5 b4  1/2-1/2

[Event "ch-ROM"]
[Site "Predeal ROM"]
[Date "2006.12.02"]
[Round "6"]
[White "Lupulescu,C"]
[Black "Valeanu,E"]
[Result "1-0"]
[WhiteElo "2571"]
[BlackElo "2361"]

1.e4 c5 2.Nf3 d6 3.Bb5+ Nc6 4.O-O Bd7 5.Re1 Nf6 6.c3 a6 7.Bf1 Bg4 8.d3 g6
9.Nbd2 Bg7 10.h3 Bxf3 11.Nxf3 O-O 12.d4 cxd4 13.cxd4 Rc8 14.a3 Qb6 15.Rb1 Na5
16.Bd3 e6 17.b3 d5 18.e5 Nd7 19.Bd2 Nc6 20.Be3 Qa5 21.b4 Qd8 22.h4 Na7 23.h5 Nb5
24.Ng5 Rc3 25.hxg6 hxg6 26.a4 Na3 27.Rc1 Rxc1 28.Bxc1 Nc4 29.Qf3 Qe7 30.Qh3 Rc8
31.Qh7+ Kf8 32.Rf1 Ncb6 33.a5 Nc4 34.f4 Na3 35.Bxg6 Qxb4 36.Bxf7 Qxd4+ 37.Kh2 Qd3
38.Qxd3  1-0

[Event "TCh-BEL 2006-7"]
[Site "Belgium BEL"]
[Date "2006.12.03"]
[Round "5"]
[White "Schalkx,J"]
[Black "Ringoir,T"]
[Result "1/2-1/2"]
[WhiteElo "2246"]
[BlackElo "2185"]

1.e4 c5 2.Nf3 d6 3.Bb5+ Bd7 4.Bxd7+ Qxd7 5.O-O Nf6 6.e5 dxe5 7.Nxe5 Qd6 8.Re1 Nc6
9.Nc4 Qc7 10.Nc3 e6 11.d3 Be7 12.Bg5 O-O 13.a4 Nd5 14.Bxe7 Ncxe7 15.Ne4 b6
16.Qh5 Rad8 17.Qe5  1/2-1/2

[Event "TCh-BEL 2006-7"]
[Site "Belgium BEL"]
[Date "2006.12.03"]
[Round "5"]
[White "Gharamian,T"]
[Black "Maenhout,T"]
[Result "1/2-1/2"]
[WhiteElo "2467"]
[BlackElo "2353"]

1.e4 c5 2.Nf3 d6 3.Bb5+ Nc6 4.Bxc6+ bxc6 5.O-O Bg4 6.h3 Bh5 7.Re1 e6 8.e5 d5
9.d3 Ne7 10.b3 Nc8 11.Qe2 Be7 12.c4 Nb6 13.Nbd2 O-O 14.Bb2 a5 15.a4 Nd7 16.Qe3 Kh8
17.Rab1 Bg6 18.Rbc1 Qb6 19.Nh2 Rad8 20.Ba3 Rde8 21.f4 f6 22.Nhf3 Qd8  1/2-1/2

[Event "ch-Nassau"]
[Site "Mineola USA"]
[Date "2006.12.04"]
[Round "9"]
[White "Luchan,J"]
[Black "Perez Billinghurst,R"]
[Result "0-1"]
[WhiteElo "2123"]
[BlackElo "2056"]

1.e4 c5 2.Nf3 d6 3.Bb5+ Bd7 4.Bxd7+ Qxd7 5.O-O Nc6 6.c3 Nf6 7.Qe2 e6 8.d4 cxd4
9.cxd4 d5 10.e5 Ng8 11.Nc3 Nge7 12.Be3 Nc8 13.Nd2 Nb6 14.f4 g6 15.a3 Na5
16.Bf2 Nbc4 17.Nf3 Nb3 18.Rad1 Rc8 19.Rd3 Bg7 20.Bh4 b5 21.Ng5 h6 22.Nf3 a5
23.Kh1 a4 24.h3 Rb8 25.Nh2 h5 26.Nf3 b4 27.axb4 Rxb4 28.Bf6 Kf8 29.Ng5 Bxf6
30.exf6 Nd6 31.Qe5 Nc4 32.Qe2 Nba5 33.Nd1 Qd8 34.Qe1 Nc6 35.Nxe6+ fxe6 36.Qxe6 Rb6  0-1

[Event "Open A"]
[Site "Benidorm ESP"]
[Date "2006.12.06"]
[Round "6"]
[White "Cappon,J"]
[Black "Carrascoso Morales,A"]
[Result "1/2-1/2"]
[WhiteElo "2240"]
[BlackElo "2146"]

1.e4 c5 2.Nf3 d6 3.Bb5+ Bd7 4.Bxd7+ Qxd7 5.O-O Nf6 6.e5 dxe5 7.Nxe5 Qc7 8.d4 cxd4
9.Bf4 Qd6 10.c3 Nc6 11.Qb3 Nxe5 12.Bxe5 Qd5 13.Qxd5 Nxd5 14.Bxd4 e6 15.g3 f6
16.f4 Kd7 17.Nd2 Be7 18.Rae1 h5 19.h4 Rhc8 20.Re2 b5 21.Rfe1 Rc6 22.Nf3 b4
23.cxb4 Bxb4 24.Rd1 Rac8 25.Bxa7 Ra8 26.Bf2 Rxa2 27.f5 Rd6 28.fxe6+ Rxe6
29.Rxe6 Kxe6 30.Nd4+ Kf7 31.Nc6 Ke6 32.Nd4+ Kf7 33.Nc6 Ke6 34.Nd4+ Kf7  1/2-1/2

[Event "Aniversario del Par de Alfiles"]
[Site "Asuncion PAR"]
[Date "2006.12.07"]
[Round "3"]
[White "Bronstein,L"]
[Black "Kropff,R"]
[Result "1/2-1/2"]
[WhiteElo "2334"]
[BlackElo "2329"]

1.e4 c5 2.Nf3 d6 3.Bb5+ Nd7 4.d4 Nf6 5.Nc3 cxd4 6.Qxd4 e5 7.Qd3 h6 8.O-O Be7
9.Nh4 a6 10.Bxd7+ Bxd7 11.Nf5 Bxf5 12.exf5 d5 13.Qg3 d4 14.Ne2 Qd5 15.Rd1 Rd8
16.f4 exf4 17.Bxf4 Qxf5 18.Nxd4  1/2-1/2

[Event "Aniversario del Par de Alfiles"]
[Site "Asuncion PAR"]
[Date "2006.12.07"]
[Round "3"]
[White "Deus Fo.,J"]
[Black "Lipiniks,L"]
[Result "1-0"]
[WhiteElo "2064"]
[BlackElo "2139"]

1.e4 c5 2.Nf3 d6 3.Bb5+ Bd7 4.a4 Nc6 5.O-O e6 6.Re1 Be7 7.c3 Nf6 8.d4 cxd4
9.cxd4 O-O 10.Nc3 a6 11.Bd3 e5 12.d5 Nb4 13.Bb1 a5 14.h3 Rc8 15.Nh2 Ne8 16.f4 exf4
17.Bxf4 Bg5 18.Bxg5 Qxg5 19.Nf3 Qf4 20.Ra3 f6 21.Ne2 Qh6 22.Ned4 Nc7 23.Nh2 Rfe8
24.Rf3 Ncxd5 25.Ng4 Bxg4 26.hxg4 Nf4 27.Ref1 Ng6 28.Nf5 Qg5 29.Nxd6 Qc5+
30.Kh1  1-0

[Event "UTD GM Invitational"]
[Site "Dallas USA"]
[Date "2006.12.07"]
[Round "3"]
[White "Boskovic,D"]
[Black "Novikov,I"]
[Result "0-1"]
[WhiteElo "2444"]
[BlackElo "2568"]

1.e4 c5 2.Nf3 d6 3.Bb5+ Bd7 4.Bxd7+ Nxd7 5.O-O Ngf6 6.Re1 e6 7.c3 Be7 8.d4 O-O
9.e5 Nd5 10.c4 N5b6 11.exd6 Bxd6 12.dxc5 Nxc5 13.Qc2 Nd3 14.Rd1 Nxc1 15.Rxc1 Rc8
16.b3 Nd5 17.Nbd2 b5 18.a4 bxc4 19.Nxc4 Rc5 20.Qe4 Qc7 21.Rf1 Rb8 22.Qd3 Be7
23.Nfd2 Nf4 24.Qf3 Rd8 25.g3 Nd3 26.Rab1 Rcd5 27.Ne4 Bb4 28.Rbd1 h6 29.Qe2 Rd4
30.Ned2 Qd7 31.Qe3 Nc5 32.Rc1 Rd3 33.Qe5 Rxd2 34.Nxd2 Nd3 35.Qe4 Nxc1  0-1

[Event "Aniversario del Par de Alfiles"]
[Site "Asuncion PAR"]
[Date "2006.12.08"]
[Round "4"]
[White "Latorre,Man"]
[Black "Kropff,R"]
[Result "1/2-1/2"]
[WhiteElo "2247"]
[BlackElo "2329"]

1.e4 c5 2.Nf3 d6 3.Bb5+ Nd7 4.d4 Nf6 5.O-O a6 6.Bxd7+ Nxd7 7.Nc3 g6 8.dxc5 Nxc5
9.Qd4 e5 10.Qb4 Be6 11.Bg5 f6 12.Be3 Qc7 13.Rfd1 Be7 14.Nd5 Bxd5 15.Rxd5 O-O
16.Bxc5 dxc5 17.Qc4 Kg7 18.Rad1 Rfd8 19.Rxd8 Rxd8 20.Rd5 b5 21.Qd3 c4 22.Qd1 Rxd5
23.exd5 Bc5 24.c3 Qd6 25.Qd2 e4 26.Ne1 f5 27.g3 Qe5 28.Nc2 Kf6 29.b4 Bb6
30.a4 g5 31.axb5 axb5 32.d6 f4 33.d7 Ke7 34.d8=Q+ Bxd8 35.Nd4 Ke8 36.Nc6 Qf6
37.Qd5 e3 38.Qxb5 exf2+ 39.Kf1 Kf8 40.Qc5+ Kg7 41.Nd4 fxg3 42.hxg3 Bb6 43.Qxc4 h5
44.Qd5 h4 45.gxh4 gxh4 46.Qg2+ Kh7 47.Qxf2 Bxd4 48.cxd4 Qa6+ 49.Kg1 Qg6+
50.Kh2 Qd6+ 51.Kh3 Qxb4 52.Qxh4+ Kg6 53.Qe4+ Kf7 54.Kg4 Qd6 55.Qf5+ Ke7 56.d5 Qd7
57.Kf4 Qxf5+ 58.Kxf5 Kd6 59.Ke4 Kd7 60.Ke5 Ke7  1/2-1/2

[Event "V Ilijas Subasic Mem"]
[Site "Zenica BIH"]
[Date "2006.12.08"]
[Round "1"]
[White "Muratovic,En"]
[Black "Stojanovic,Da"]
[Result "1-0"]
[WhiteElo "2265"]
[BlackElo "2469"]

1.e4 c5 2.Nf3 d6 3.Bb5+ Nd7 4.d4 Nf6 5.Nc3 a6 6.Bxd7+ Nxd7 7.O-O cxd4 8.Qxd4 e6
9.Bg5 f6 10.Be3 Ne5 11.Nxe5 fxe5 12.Qd3 Be7 13.f4 exf4 14.Rxf4 Bf6 15.Rd1 O-O
16.Qxd6 Qxd6 17.Rxd6 b5 18.Rf2 Re8 19.Rd3 Bb7 20.Bd4 b4 21.Bxf6 gxf6 22.Rg3+ Kh8
23.Ne2 Bxe4 24.Rxf6 Bxc2 25.Nd4 Bb1 26.Nc6 e5 27.Nxb4 e4 28.Rf1 a5 29.Nd5 Bxa2
30.Nc7 a4 31.Nxa8 Rxa8 32.Re3 Bc4 33.Rf2 Bd3 34.h3 Kg7 35.Kh2 Rb8 36.g4 Kg6
37.Kg3 h5 38.Re1 hxg4 39.hxg4 Rb3 40.Kf4 a3 41.bxa3 Rxa3 42.Rh2 Ra7 43.g5 Rf7+
44.Kg4 Re7 45.Rh6+ Kg7 46.Rd6 Bb5 47.Re3 Be8 48.Kf5 Rf7+ 49.Kxe4 Rf1 50.Ra3 Bg6+
51.Ke3 Re1+ 52.Kf2 Re7 53.Raa6 Bf7 54.Kg3 Rb7 55.Ra3 Rc7 56.Rda6 Rc5 57.R3a5 Rc3+
58.Kg4 Rc1 59.Rb6 Rc7 60.g6 Be8 61.Kg5 Re7 62.Rba6 Re1 63.Ra7+ Kg8 64.Ra8 Kf8
65.Kf6 Rf1+ 66.Rf5 Re1 67.g7+ Kg8 68.Re5  1-0

[Event "Bundesliga 2006-7"]
[Site "Solingen GER"]
[Date "2006.12.10"]
[Round "6"]
[White "Macieja,B"]
[Black "Volokitin,And"]
[Result "0-1"]
[WhiteElo "2622"]
[BlackElo "2645"]

1.e4 c5 2.Nf3 d6 3.Bb5+ Bd7 4.Bxd7+ Qxd7 5.c4 Nf6 6.Nc3 g6 7.d4 cxd4 8.Nxd4 Bg7
9.f3 O-O 10.Be3 Rc8 11.b3 e6 12.Rc1 Nc6 13.O-O d5 14.Nxc6 bxc6 15.e5 Ne8
16.f4 Rd8 17.Qe2 d4 18.Rcd1 c5 19.Ne4 Qc6 20.Bc1 a5 21.a4 f5 22.exf6 Nxf6
23.Ng5 Re8 24.Rde1 Nd7 25.Qd3 e5 26.f5 h6 27.Ne4 gxf5 28.Rxf5 Rf8 29.Ng3 Rae8
30.Re4 Qg6 31.Qf3 Rxf5 32.Nxf5 Nf6 33.Rh4 e4 34.Qf4 Nh5 35.Qg4 Qxg4 36.Rxg4 e3
37.Nxg7 Nxg7 38.Kf1 Rb8 39.Ke2 Rxb3 40.Rg6 Rc3  0-1

[Event "13th Open A"]
[Site "Zadar CRO"]
[Date "2006.12.12"]
[Round "2"]
[White "Levacic,P"]
[Black "Franic,M"]
[Result "0-1"]
[WhiteElo "2309"]
[BlackElo "2402"]

1.e4 c5 2.Nf3 d6 3.Bb5+ Bd7 4.Bxd7+ Qxd7 5.O-O Nf6 6.Re1 e6 7.d4 cxd4 8.Nxd4 Nc6
9.c4 Be7 10.Nc3 O-O 11.b3 Rfc8 12.Bb2 a6 13.Nc2 Qc7 14.Ne3 Qa5 15.a4 Rd8
16.Kh1 Rac8 17.f4 Nd7 18.Ne2 Bf6 19.Bxf6 Nxf6 20.Ng3 Qb4 21.Rb1 d5 22.exd5 exd5
23.Nxd5 Nxd5 24.cxd5 Qxf4 25.Qh5 g6 26.Qh3 Ne5 27.Ne4 Kg7 28.b4 Ng4 29.Qg3 Qxg3
30.Nxg3 Rc7 31.Ne4 Rxd5 32.h3 Ne5 33.Nc5 a5 34.Ne4 Nd3 35.Red1 Rc4 36.Rb3  0-1

[Event "13th Open A"]
[Site "Zadar CRO"]
[Date "2006.12.13"]
[Round "4"]
[White "Zelcic,R"]
[Black "Zufic,M"]
[Result "0-1"]
[WhiteElo "2556"]
[BlackElo "2427"]

1.e4 c5 2.Nf3 d6 3.Bb5+ Nd7 4.d4 Nf6 5.Nc3 cxd4 6.Qxd4 e5 7.Qd1 h6 8.O-O Be7
9.a4 O-O 10.Re1 Nc5 11.h3 Be6 12.b3 Rc8 13.Bb2 Qc7 14.Nd2 Rcd8 15.Bc4 Qc6
16.Qf3 a6 17.a5 Qc8 18.Nd5 Bxd5 19.exd5 Nh7 20.Qe2 Kh8 21.Qh5 Bg5 22.Nf1 f5
23.Qe2 Ne4 24.Bd3 Nc5 25.Bc4 Ne4 26.Bd3 Nc3 27.Bxc3 Qxc3 28.f3 Bh4 29.Red1 Rde8
30.Ra4 Bd8 31.Ne3 e4 32.fxe4 Bxa5 33.Kh1 b5 34.Rxa5 Qxa5 35.e5 Rxe5 36.Qf3 f4
37.Ng4 Re1+ 38.Kh2 Ng5  0-1

[Event "13th Open A"]
[Site "Zadar CRO"]
[Date "2006.12.13"]
[Round "4"]
[White "Majeric,Z"]
[Black "Fercec,N"]
[Result "0-1"]
[WhiteElo "2308"]
[BlackElo "2504"]

1.e4 c5 2.Nf3 d6 3.Bb5+ Nc6 4.O-O Bd7 5.Re1 Nf6 6.c3 a6 7.Bxc6 Bxc6 8.d4 Bxe4
9.Bg5 Bd5 10.Bxf6 gxf6 11.Nbd2 e6 12.c4 Bxf3 13.Qxf3 cxd4 14.Qxb7 Be7 15.Nf3 Qc8
16.Qe4 f5 17.Qxd4 Rg8 18.Rad1 Qc6 19.Qd3 Rc8 20.b3 h5 21.g3 h4 22.Nd4 Qb7
23.Qf3 Qxf3 24.Nxf3 f4 25.Kg2 fxg3 26.hxg3 hxg3 27.fxg3 Rg7 28.Rd3 Kd7 29.b4 Rcg8
30.Nd2 Bf6 31.a4 Ke7 32.c5 dxc5 33.bxc5 Rc8 34.Ne4 Be5 35.Red1 f5 36.Rd7+ Kf8
37.Rxg7 Kxg7 38.Rd7+ Kg6 39.Nf2 Rxc5 40.Nd3 Rc2+ 41.Kf3 Kf6 42.g4 fxg4+ 43.Kxg4 Rc4+
44.Kf3 Rxa4 45.Ra7 Bd6 46.Ra8 e5 47.Nf2 Kf5 48.Re8 Bc5  0-1

[Event "XIX Carlos Torre Mem"]
[Site "Merida MEX"]
[Date "2006.12.14"]
[Round "1"]
[White "Estrada Nieto,J"]
[Black "Sandoval,A"]
[Result "1-0"]
[WhiteElo "2379"]
[BlackElo "2009"]

1.e4 c5 2.Nf3 d6 3.Bb5+ Nd7 4.d4 cxd4 5.Qxd4 e5 6.Qd3 h6 7.Nc3 Nf6 8.Be3 a6
9.Bc4 Qc7 10.a4 Nc5 11.Bxc5 Qxc5 12.O-O Be7 13.Nd5 Nxd5 14.Bxd5 O-O 15.Nd2 Rb8
16.Nc4 Kh8 17.Ne3 g6 18.Kh1 Kg7 19.Ra3 Rd8 20.a5 Bd7 21.f4 f6 22.c3 b6 23.b4 Qc8
24.axb6 Rxb6 25.Bc4 Bc6 26.f5 g5 27.Nd5 Bxd5 28.Bxd5 Rd7 29.Be6  1-0

[Event "XIX Carlos Torre Mem"]
[Site "Merida MEX"]
[Date "2006.12.15"]
[Round "2"]
[White "Fernandez,D USA"]
[Black "Ramirez Martinez,H"]
[Result "1-0"]
[WhiteElo "2451"]
[BlackElo "2204"]

1.e4 c5 2.Nf3 d6 3.Bb5+ Bd7 4.Bxd7+ Qxd7 5.O-O Nc6 6.c3 g6 7.d4 cxd4 8.cxd4 Bg7
9.Nc3 e6 10.d5 Nd8 11.dxe6 fxe6 12.Qd3 a6 13.Bf4 Nf7 14.Rfd1 Rd8 15.Qe2 Ne7
16.e5 d5 17.Ne4 O-O 18.Nc5 Qc8 19.Rac1 Nc6 20.b4 Rde8 21.b5 axb5 22.Qxb5 Nfxe5
23.Bxe5 Bxe5 24.Nxb7 Nd4 25.Rxc8 Bxh2+ 26.Kxh2 Nxb5 27.Rxe8 Rxe8 28.a4 Nc3
29.Ra1 e5 30.a5 Nb5 31.Rb1 Nc3 32.Rb3 d4 33.a6 Ne4 34.a7  1-0

[Event "TCh-NED 2006-7"]
[Site "Netherlands NED"]
[Date "2006.12.16"]
[Round "4"]
[White "Tan,Mat"]
[Black "Van der Weide,K"]
[Result "0-1"]
[WhiteElo "2288"]
[BlackElo "2446"]

1.e4 c5 2.Nf3 d6 3.Bb5+ Nd7 4.d4 Nf6 5.Nc3 cxd4 6.Qxd4 e5 7.Qd3 h6 8.Be3 Be7
9.O-O a6 10.Bc4 Qc7 11.Nd5 Nxd5 12.Bxd5 Nf6 13.c4 Bd7 14.Rfc1 O-O 15.b4 Rac8
16.c5 Bb5 17.Qd2 dxc5 18.Bxc5 Rfd8 19.Ba7 Bc6 20.Qe3 Nxd5 21.exd5 Rxd5 22.Bb6 Qd6
23.Bc5 Qe6 24.Re1 Re8 25.h3 Bxc5 26.bxc5 Qd7 27.Nh4 g5 28.Nf3 Rd3 29.Qe2 Rxf3
30.gxf3 Qxh3 31.Qf1 Qxf3 32.Kh2 Qf4+ 33.Kg1 Qg4+ 34.Kh2 Qh4+ 35.Qh3 Qxf2+
36.Qg2 Qxg2+  0-1

[Event "XIX Carlos Torre Mem"]
[Site "Merida MEX"]
[Date "2006.12.17"]
[Round "6"]
[White "Fernandez,D USA"]
[Black "Martin del Campo,J"]
[Result "1-0"]
[WhiteElo "2451"]
[BlackElo "2218"]

1.e4 c5 2.Nf3 d6 3.Bb5+ Nc6 4.O-O e6 5.c3 a6 6.Ba4 b5 7.Bc2 e5 8.h3 Nf6 9.Re1 Be7
10.d4 O-O 11.Nbd2 Bb7 12.d5 Nb8 13.Nf1 a5 14.g4 Ne8 15.Ng3 g6 16.Bh6 Ng7
17.Qd2 Bc8 18.Kh1 Kh8 19.Rg1 Nd7 20.Nh2 Nf6 21.Be3 Ng8 22.f4 exf4 23.Bxf4 Ra7
24.Nf3 f5 25.gxf5 gxf5 26.exf5 Nxf5 27.Nxf5 Bxf5 28.Qg2 Bh4 29.Nxh4 Qxh4
30.Bxf5 Qxf4 31.Be6 Raf7 32.Bxf7 Qxf7 33.Raf1 Nf6 34.Rf5 Qe7 35.Qf3 Nd7 36.Rf1 Kg7
37.Qg4+ Kh8 38.Rg1 Nf6 39.Qh4  1-0

[Event "GM Multicoms"]
[Site "Paris FRA"]
[Date "2006.12.17"]
[Round "5"]
[White "Maze,S"]
[Black "Bellaiche,A"]
[Result "1/2-1/2"]
[WhiteElo "2510"]
[BlackElo "2472"]

1.e4 c5 2.Nf3 d6 3.Bb5+ Bd7 4.Bxd7+ Qxd7 5.O-O Nf6 6.Qe2 Nc6 7.Rd1 e6 8.d4 cxd4
9.Nxd4 a6 10.c4 Qc7 11.Nc3 Be7 12.b3 O-O 13.Bb2 Rfe8 14.Kh1 Ne5 15.f4 Ned7
16.Nf3 Rad8 17.Re1 Qa5 18.Rad1 Nc5 19.e5 dxe5 20.fxe5 Nfd7 21.Qc2 Nf8 22.a3 Rxd1
23.Rxd1 Rd8 24.b4 Rxd1+ 25.Qxd1 Qb6 26.Qd4 a5 27.Nb5 Na4 28.Qxb6 Nxb6 29.c5 Nd5
30.Nc3 axb4 31.Nxd5 exd5 32.axb4 Ne6 33.Nd4 Kf8 34.Nxe6+ fxe6 35.Bd4 Ke8
36.b5 Kd7 37.Kg1 Bf8  1/2-1/2

[Event "6th Amplico AIG Life Gp1"]
[Site "Warsaw POL"]
[Date "2006.12.17"]
[Round "3"]
[White "Rozentalis,E"]
[Black "Gajewski,G"]
[Result "1/2-1/2"]
[WhiteElo "2591"]
[BlackElo "2515"]

1.e4 c5 2.Nf3 d6 3.Bb5+ Nc6 4.O-O Bd7 5.Re1 a6 6.Bxc6 Bxc6 7.c4 Nf6 8.Nc3 g6
9.d4 cxd4 10.Nxd4 Bg7 11.b3 O-O 12.Bb2 Qa5 13.Nd5 Qd8 14.Nxf6+ Bxf6 15.Nxc6 bxc6
16.Bxf6 exf6 17.Qd4 Qe7 18.Rad1 Rfd8 19.Qb6 c5 20.Qa5 Rd7 21.f3 Qd8 22.Qc3 a5
23.a4 Rb8 24.Re3 Rb4 25.Red3 Qe7 26.Rd5 Kg7 27.R1d3 Rdb7 28.Qc2 R7b6 29.Re3 Qb7
30.Rdd3 Qe7 31.f4 Qb7 32.h3 Qe7 33.Kh2 Qe6 34.Rd5 Qe8 35.Kg1 Qb8 36.Rdd3 Qe8
37.Kh1 Qe7 38.Qd1 Qe6 39.Rd5 Qe7 40.e5 fxe5 41.fxe5 dxe5 42.Rdxe5 Rd6 43.Qf3 Qd8
44.Kh2 Qc7 45.Qg3 Rdb6 46.Rd5  1/2-1/2

[Event "13th Open A"]
[Site "Zadar CRO"]
[Date "2006.12.17"]
[Round "9"]
[White "Kovacevic,A"]
[Black "Brkic,A"]
[Result "1/2-1/2"]
[WhiteElo "2541"]
[BlackElo "2541"]

1.e4 c5 2.Nf3 d6 3.Bb5+ Bd7 4.Bxd7+ Nxd7 5.O-O Ngf6 6.Qe2 Rc8 7.c3 e6 8.d4 cxd4
9.cxd4 d5 10.e5 Ne4 11.Nbd2 Nxd2 12.Bxd2 Be7  1/2-1/2

[Event "XIX Carlos Torre Mem"]
[Site "Merida MEX"]
[Date "2006.12.19"]
[Round "7"]
[White "Perez,Rod"]
[Black "Gonzalez Zamora,J"]
[Result "1/2-1/2"]
[WhiteElo "2385"]
[BlackElo "2517"]

1.e4 c5 2.Nf3 d6 3.Bb5+ Bd7 4.Bxd7+ Qxd7 5.O-O Nc6 6.c3 Nf6 7.Re1 e6 8.d4 cxd4
9.cxd4 d5 10.e5 Ng8 11.Bg5  1/2-1/2

[Event "Sub-Zt 2.3.4"]
[Site "Bogota COL"]
[Date "2006.12.20"]
[Round "4"]
[White "Aponte,E"]
[Black "Contreras,H"]
[Result "1-0"]
[WhiteElo "2115"]
[BlackElo "2293"]

1.e4 c5 2.Nf3 d6 3.Bb5+ Bd7 4.Bxd7+ Qxd7 5.c4 Nc6 6.Nc3 g6 7.d4 Bg7 8.d5 Bxc3+
9.bxc3 Na5 10.Qe2 e5 11.dxe6 Qxe6 12.O-O h6 13.Qc2 O-O-O 14.Bf4 Nf6 15.Rfe1 Nh5
16.Be3 Nxc4 17.Qa4 Kb8 18.Rab1 g5 19.Qa6 Rd7 20.Nd4 Nb6 21.Rxb6 axb6 22.Qxb6 Qxa2
23.Nc6+ Kc8 24.Na7+ Kb8 25.Nc6+ Ka8 26.Rb1 Qxb1+ 27.Qxb1 Nf6 28.g3  1-0

[Event "XVI Magistral Open"]
[Site "Pamplona ESP"]
[Date "2006.12.23"]
[Round "2"]
[White "Martinez Salas,I"]
[Black "Gomez Anadon,D"]
[Result "1/2-1/2"]
[WhiteElo "1956"]
[BlackElo "2268"]

1.e4 c5 2.Nf3 d6 3.Bb5+ Bd7 4.Bxd7+ Qxd7 5.O-O Nc6 6.c3 Nf6 7.Re1 e6 8.d4 cxd4
9.cxd4 d5 10.exd5 Nxd5 11.Nc3 Be7 12.Bg5 Bxg5 13.Nxg5 O-O 14.Qd3 g6 15.Nge4 Kg7
16.Nc5 Qc7 17.Nxd5 exd5 18.Rac1 Rfe8 19.g3 Qb6 20.Qc3 Rxe1+ 21.Rxe1 Rc8 22.Nb3 a5
23.Nc5 Kg8 24.Kg2 Qc7 25.Qe3 b6 26.Nd3 Qd6 27.a3 Kg7 28.h3 Rc7 29.Rd1 f6
30.Qf4 Qd8 31.Rc1 g5 32.Qg4 Qd6 33.h4 h6 34.hxg5 fxg5 35.Nf4 Re7 36.Nh5+ Kg6
37.Nf4+ Kg7 38.Nh5+ Kg6 39.Nf4+  1/2-1/2

[Event "44th National A ch-IND"]
[Site "Atul IND"]
[Date "2006.12.24"]
[Round "8"]
[White "Rathnakaran,K"]
[Black "Arun Prasad,S"]
[Result "0-1"]
[WhiteElo "2422"]
[BlackElo "2424"]

1.e4 c5 2.Nf3 d6 3.Bb5+ Nd7 4.O-O a6 5.Be2 Ngf6 6.d3 g6 7.a4 b6 8.Nc3 Bg7
9.h3 O-O 10.Bf4 e5 11.Be3 Bb7 12.Qd2 d5 13.exd5 Nxd5 14.Nxd5 Bxd5 15.Bh6 Re8
16.Bxg7 Kxg7 17.Rfe1 Qc7 18.Nh2 Be6 19.Bf3 Rad8 20.b3 f6 21.Re2 Nf8 22.Rae1 Bc8
23.Bg4 Bb7 24.f4 e4 25.f5 Qc6 26.h4 c4 27.bxc4 gxf5 28.Bh3 Re5 29.d4 Qxc4
30.c3 Ng6 31.h5 Ne7 32.Qf4 Ra5 33.Re3 Kh8 34.Nf1 Bc8 35.Rxe4 Ng8 36.R4e3 Rxa4
37.Bxf5 Bxf5 38.Qxf5 Ra5 39.Qh3 Rg5 40.Ng3 Qf7 41.Rf3 a5 42.Ra1 Re8 43.Qh4 Qe6
44.Qf4 Rg4 45.Qd2 Qd5 46.Qf2 Qg5 47.c4 Rc8 48.Nf5 Re4 49.Re3  0-1

[Event "13th Int"]
[Site "Tuzla BIH"]
[Date "2006.12.25"]
[Round "4"]
[White "Mrkonjic,N"]
[Black "Budimir,Bor"]
[Result "1-0"]
[WhiteElo "2379"]
[BlackElo "2319"]

1.e4 c5 2.Nf3 d6 3.Bb5+ Nd7 4.c4 a6 5.Ba4 Nf6 6.Nc3 e6 7.d4 cxd4 8.Qxd4 Be7
9.O-O O-O 10.Rd1 Qc7 11.Bg5 Rd8 12.Rac1 b6 13.h3 Bb7 14.Bxd7 Qxd7 15.Qxb6 Nxe4
16.Ne5 Qe8 17.Nxe4 Bxe4 18.Bxe7 Qxe7 19.Ng4 f5 20.Nh2 Rab8 21.Qd4 e5 22.Qd2 Ba8
23.b3 f4 24.Rc3 d5 25.Rd3 e4 26.Rd4 e3 27.fxe3 fxe3 28.Qd3 Qc5 29.Qxe3 Re8
30.Qf2 Rf8 31.Nf3 dxc4 32.Rxc4 Qh5 33.Rc3 Rbe8 34.Rdd3 Rf6 35.Re3 Ref8 36.Kh2 h6
37.Qe2 Kh8 38.Ne5 Qg5 39.Rg3 Rf2 40.Qxf2  1-0

[Event "16th North American Open"]
[Site "Las Vegas USA"]
[Date "2006.12.26"]
[Round "1"]
[White "Khachiyan,M"]
[Black "Harper,W"]
[Result "1-0"]
[WhiteElo "2462"]
[BlackElo "2195"]

1.e4 c5 2.Nf3 d6 3.Bb5+ Bd7 4.Bxd7+ Qxd7 5.c4 Nc6 6.d4 cxd4 7.Nxd4 g6 8.Nc3 Bg7
9.Be3 Nh6 10.h3 f5 11.Qd2 Nf7 12.Nde2 Nfe5 13.b3 fxe4 14.O-O-O a5 15.Nxe4 a4
16.Bh6 Nd3+ 17.Kb1 Bxh6 18.Qxh6 Nce5 19.Qe3 axb3 20.Rxd3 Rxa2 21.N2c3 O-O
22.Nxa2 bxa2+ 23.Ka1 Qc6 24.Rc1 Rf4 25.f3 Nxd3 26.Qxd3 Rf5 27.Rc2 Qb6 28.Qd1 Qb3
29.Qc1 d5 30.Rb2 Qd3 31.cxd5 Rxd5 32.Rd2 Qb3 33.Qc2  1-0

[Event "Czech Christmas"]
[Site "Litomysl CZE"]
[Date "2006.12.27"]
[Round "2"]
[White "Fuchs,G"]
[Black "Spirin,O"]
[Result "1-0"]
[WhiteElo "2194"]
[BlackElo "2345"]

1.e4 c5 2.Nf3 d6 3.Bb5+ Bd7 4.Bxd7+ Qxd7 5.O-O Nc6 6.c3 Nf6 7.Re1 e6 8.d4 cxd4
9.cxd4 d5 10.e5 Ne4 11.g3 Be7 12.h4 h6 13.Kg2 f6 14.Nh2 fxe5 15.Qh5+ Kd8
16.dxe5 Qe8 17.Qd1 Qg6 18.Nc3 Nxc3 19.bxc3 Ke8 20.Qb3 b6 21.c4 d4 22.Bb2 Rc8
23.Nf3 Na5 24.Qb5+ Kf7 25.Nxd4 Nxc4 26.Nc6 Rxc6 27.Qxc6 Nxb2 28.Re3 Rd8 29.h5 Qg5
30.Rf3+ Kg8 31.Qxe6+ Kh8 32.Rf5 Qd2 33.Qxe7 Qd5+ 34.Kg1 Nc4 35.Rf8+ Rxf8
36.Qxf8+ Kh7 37.Qf5+ Kg8 38.Re1 Nd2 39.Re3 Nc4 40.Rd3  1-0

[Event "Czech Christmas"]
[Site "Litomysl CZE"]
[Date "2006.12.27"]
[Round "2"]
[White "Holoubkova,K"]
[Black "Gruber,Mic"]
[Result "0-1"]
[WhiteElo "1854"]
[BlackElo "2150"]

1.e4 c5 2.Nf3 d6 3.Bb5+ Bd7 4.Bxd7+ Qxd7 5.c4 Nc6 6.O-O Nf6 7.Nc3 g6 8.d3 Bg7
9.Be3 Ng4 10.Qd2 O-O 11.Bg5 h6 12.Bf4 Kh7 13.Nd5 Rab8 14.a4 e6 15.Nc3 Nge5
16.Nxe5 dxe5 17.Be3 b6 18.a5 Nxa5 19.Rxa5 bxa5 20.Bxc5 Rfc8 21.Ba3 Rxc4 22.Rd1 Rcc8
23.h3 Rb3 24.Ra1 Rd8 25.Qe3 Qd4 26.Bc5 Qxe3 27.Bxe3 Rxb2 28.Rxa5 Rxd3 29.Nb5 Rb1+
30.Kh2 Rb4 31.Nxa7 Rxe4 32.Nc8 Rc4 33.Nb6 Rc7 34.Ra4 Bf8 35.Nc4 Rd5 36.Nd2 f5
37.g3 Bd6 38.Nf3 g5 39.Kg2 Kg6 40.Ra8 Bc5 41.Bxc5 Rcxc5 42.Ra4 Kf6 43.h4 g4  0-1

[Event "Masters"]
[Site "Singapore SIN"]
[Date "2006.12.27"]
[Round "3"]
[White "Zinmar Min Than"]
[Black "Tay Li Jin Jeslin"]
[Result "1-0"]
[WhiteElo "2231"]
[BlackElo "2026"]

1.e4 c5 2.Nf3 d6 3.Bb5+ Nd7 4.d4 Nf6 5.Nc3 a6 6.Be2 e6 7.O-O b5 8.Qd3 Bb7
9.Bg5 b4 10.Bxf6 Nxf6 11.e5 dxe5 12.dxe5 bxc3 13.exf6 Qxf6 14.bxc3 Be7 15.Rab1 Rd8
16.Qe3 Bc8 17.Rb6 O-O 18.Bxa6 Bxa6 19.Rxa6 Ra8 20.Rxa8 Rxa8 21.Ra1 Ra3 22.Ne5 Bd6
23.f4 g5 24.g3 Ra4 25.Ng4 Qe7 26.Nh6+ Kg7 27.fxg5 Ra7 28.Rf1 Qd8 29.h4 Qb8
30.Qf3 Be5 31.Nxf7 Rb7 32.Nxe5  1-0

[Event "Masters"]
[Site "Singapore SIN"]
[Date "2006.12.27"]
[Round "4"]
[White "Zhou Weiqi"]
[Black "Ni Hua"]
[Result "1/2-1/2"]
[WhiteElo "2435"]
[BlackElo "2621"]

1.e4 c5 2.Nf3 d6 3.Bb5+ Bd7 4.Bxd7+ Nxd7 5.O-O Ngf6 6.Qe2 Rc8 7.b3 g6 8.Bb2 Bg7
9.d3 O-O 10.Nbd2 Re8 11.Nc4 b5 12.Ne3 Nb6 13.Rab1 b4 14.a4 bxa3 15.Bxa3 a5
16.Nd2 Nfd7 17.Bb2 Bxb2  1/2-1/2